00412 a2200109 4500001001000000005001700010008004100027245010000068100002400168773009300192999001700285ART_4154220260410162023.0260409a 10aSobre la dimensión adquirida por los decretos de necesidad y urgencia en el derecho argentino1 aMidón, Mario A.R.0 tRevista Iberoamericana de derecho constitucionalg- Año I, Nº 1 (nov. 2003)wREV41515 c33282d33282